000 00403cam a22001457a 4500
008 180718b1949 xxu||||| |||| 00| 0 eng d
082 _aK22 H237
245 _aJob evaluation and wage inoentives
_cedited by Carl C. Harrington
260 _aNew York
_bConover - Mast
_c1949
300 _a289p.
500 _a$5.00
650 _aWage Inventives
650 _aJob Analysis
700 _aHarrington, Carl C.
999 _c367467
_d367467